000 00288nam a2200133Ia 4500
100 _aStroustrup/ Bjarne
942 _cBK
654 _acomputer
245 _aDesign & Evolution of C++
260 _bAddison Wesley Pub
_aNONE
_c1994
300 _a461
546 _aENGLISH
999 _c31285
_d31285